Alkoholpiaci árakat meghatározó trendek

Bibliographic Details
Main Author: Hancz Alexandra
Other Authors: Ilyés Dr. Csaba
Format: Thesis
Kulcsszavak:Alkohol
Trendek
SPSS
Online Access:http://dolgozattar.uni-bge.hu/19707

MARC

LEADER 00000nta a2200000 i 4500
001 dolg19707
005 20181217105650.0
008 181217suuuu hu om 000 hun d
040 |a BGE Dolgozattár Repozitórium  |b hun 
041 |a hu 
100 1 |a Hancz Alexandra 
245 1 0 |a Alkoholpiaci árakat meghatározó trendek  |c Hancz Alexandra  |h [elektronikus dokumentum] 
695 |a Alkohol 
695 |a Trendek 
695 |a SPSS 
700 1 |a Ilyés Dr. Csaba  |e ths 
856 4 0 |u http://dolgozattar.uni-bge.hu/19707/1/Hancz%20Alexandra%20Szakdolgozat.pdf  |z Dokumentum-elérés